| 000 | 02005nam a2200265 a 4500 | ||
|---|---|---|---|
| 001 | 000043550 | ||
| 005 | 20240406073831.0 | ||
| 008 | 140325s2002 dr 000 0 spa d | ||
| 020 | _a9993487929 | ||
| 040 |
_aDO-SdBNP _bspa _cBNPHU |
||
| 082 |
_a321.8 _bD383s |
||
| 245 | 0 | 0 |
_aDemocracia en el siglo XXI : _bexperiencias y desafíos de Iberoamérica / _cLeonel Antonio Fernández Reyna... [et al.] ; edición Natasha Despotovich, José Rafael Lantigua. |
| 260 |
_aSanto Domingo : _bFundación Global Democracia y Desarrollo, _c2002. |
||
| 300 |
_a215 p. ; _c23 cm. |
||
| 490 | 1 |
_aDemocracia _v1 |
|
| 500 | _aIncluye breves reseñas biográficas de los expositores | ||
| 505 | 0 | _aAlcances globales de la democracia -- La gobernabilidad democrática -- Evolución de la democracia de Iberoamérica -- La experiencia de Chile en la transición democrática -- México : el experimento democrático --República Dominicana : entre el autoritarismo y la democracia -- El Salvador : en la lucha por la democracia --Venezuela en la Era de Chávez -- América Latina : entre el atraso y el progreso -- La sociedad civil en los procesos democráticos --La naturaleza orgánica de la sociedad civil --De los medios impresos a la cultura visual --Apoyando los medios independientes en América Latina : desafíos para el futuro --El proceso de la comunicación y el rol de los medios informativos -- La crisis de confianza de los partidos políticos -- Los partidos políticos : de la crisis de la partidocracia a los nuevos modelos de representación -- Partidos políticos : "¡Basta de realidades, queremos promesas!" --La experiencia leninista de los partidos políticos en América Latina. | |
| 590 | _aInventariado, 2018/LP | ||
| 650 | 0 |
_aDemocracia _9286 |
|
| 700 | 1 | 2 |
_aFernández Reyna, Leonel Antonio _971342 |
| 700 | 1 | 2 |
_aDespotovich, Natasha, _eed. _971343 |
| 700 | 1 | 2 |
_aLantigua, José Rafael, _d1949- _eed. _91438 |
| 830 | 0 |
_aDemocracia ; _n1 _971344 |
|
| 910 | _aValidado. Control de calidad MFF | ||
| 999 |
_c43039 _d43039 |
||